MARC details
| 000 -CABECERA |
| campo de control de longitud fija |
00970nam a2200217 a 4500 |
| 001 - NÚMERO DE CONTROL |
| campo de control |
000027565 |
| 005 - FECHA Y HORA DE LA ÚLTIMA TRANSACCIÓN |
| campo de control |
20200930030928.0 |
| 008 - DATOS DE LONGITUD FIJA--INFORMACIÓN GENERAL |
| campo de control de longitud fija |
110401s2010 dr acg 001 0 spa d |
| 040 ## - FUENTE DE LA CATALOGACIÓN |
| Centro catalogador/agencia de origen |
DO-SdBNP |
| Lengua de catalogación |
spa |
| Centro/agencia transcriptor |
BNPHU |
| 082 ## - NÚMERO DE LA CLASIFICACIÓN DECIMAL DEWEY |
| Número de clasificación |
784.4 |
| Número de documento/Ítem |
S211b |
| 100 1# - ENTRADA PRINCIPAL--NOMBRE DE PERSONA |
| Nombre de persona |
Sánchez Dorrejo, Pedro Pablo |
| 9 (RLIN) |
54655 |
| 245 10 - MENCIÓN DE TÍTULO |
| Título |
Banda de música municipal de Santiago : |
| Resto del título |
República Dominicana ¡un siglo de su historia! / |
| Mención de responsabilidad, etc. |
Pedro Pablo Sánchez Dorrejo. |
| 260 ## - PUBLICACIÓN, DISTRIBUCIÓN, ETC. |
| Lugar de publicación, distribución, etc. |
[Santiago de los Caballeros, República Dominicana] : |
| Nombre del editor, distribuidor, etc. |
Pedro P. Sánchez D., |
| Fecha de publicación, distribución, etc. |
2010. |
| 300 ## - DESCRIPCIÓN FÍSICA |
| Extensión |
210 p. : |
| Otras características físicas |
il., música, retrs. ; |
| Dimensiones |
23 cm. |
| 500 ## - NOTA GENERAL |
| Nota general |
En la portada: Academia Municipal "Ramón Emilio Peralta 1905-2005". |
| 590 ## - NOTA LOCAL (RLIN) |
| Nota local |
Inventariado, 2018/LP |
| 650 #4 - PUNTO DE ACCESO ADICIONAL DE MATERIA--TÉRMINO DE MATERIA |
| Término de materia o nombre geográfico como elemento de entrada |
Bandas de música |
| Subdivisión general |
Historia |
| Subdivisión geográfica |
Santiago De Los Caballeros (República Dominicana{Rpara} |
| 9 (RLIN) |
54656 |
| 650 #4 - PUNTO DE ACCESO ADICIONAL DE MATERIA--TÉRMINO DE MATERIA |
| Término de materia o nombre geográfico como elemento de entrada |
Música popular dominicana |
| Subdivisión general |
Historia |
| Subdivisión cronológica |
SIGLO XX |
| 9 (RLIN) |
54657 |
| 650 #4 - PUNTO DE ACCESO ADICIONAL DE MATERIA--TÉRMINO DE MATERIA |
| Término de materia o nombre geográfico como elemento de entrada |
Músicos dominicanos |
| 9 (RLIN) |
16091 |
| 910 ## - DATOS DE OPCIÓN DEL USUARIO (OCLC) |
| Datos de opción del usuario |
Validado. Control de calidad EMS |